000 00535nam a2200205Ia 4500
005 20250508165143.0
008 008 250505s9999 xx 000 0 eng d
020 _a0-87353-588-X
037 _aTextual
040 _aFEDL
_beng
_cFEDL
041 _aeng
_2eng
084 _a370.1, FAI
_qFEDL
100 _aFairfield Paul
_9290506
245 0 _aEducation after Dewey
260 _aLondon, UK
_bContinuum
_c2011
300 _a308p.
365 _aGBP
_b24.99
942 _cTEXL
_h370.1, FAI
999 _c1393472
_d1393472